|
|
|
|
| LEADER |
00000cam a22000004a 4500 |
| 001 |
musev2_40490 |
| 003 |
MdBmJHUP |
| 005 |
20230905044239.0 |
| 006 |
m o d |
| 007 |
cr||||||||nn|n |
| 008 |
150824r20151969enk o 00 0 eng d |
| 020 |
|
|
|a 9781910448281
|
| 020 |
|
|
|z 0853153744
|
| 020 |
|
|
|z 9780853153740
|
| 035 |
|
|
|a (OCoLC)933516611
|
| 040 |
|
|
|a MdBmJHUP
|c MdBmJHUP
|
| 043 |
|
|
|a e-uk---
|
| 050 |
|
4 |
|a JN1129.C62
|b H57 1968eb vol. 2
|
| 082 |
0 |
|
|a 329.9/42
|
| 100 |
1 |
|
|a Klugmann, James,
|e author.
|
| 245 |
1 |
0 |
|a The History of the Communist Party of Great Britain Volume 2 :
|b 1925-1926 The General Strike /
|n Volume two,
|p The general strike, 1925-1927 /
|c by Jack Klugman.
|p The general strike, 1925-1927 /
|n Volume two,
|
| 264 |
|
1 |
|a Baltimore, Maryland :
|b Project Muse,
|c 2015
|
| 264 |
|
3 |
|a Baltimore, Md. :
|b Project MUSE,
|c 2016
|
| 264 |
|
4 |
|c ©2015
|
| 300 |
|
|
|a 1 online resource (374 pages).
|
| 336 |
|
|
|a text
|b txt
|2 rdacontent
|
| 337 |
|
|
|a computer
|b c
|2 rdamedia
|
| 338 |
|
|
|a online resource
|b cr
|2 rdacarrier
|
| 500 |
|
|
|a Issued as part of book collections on Project MUSE.
|
| 504 |
|
|
|a Includes bibliographical references and index.
|
| 505 |
0 |
|
|a Preface -- I. Prelude to the general strike -- Appendix I. Instructions for embargo on coal movements, July 30, 1925 86 -- Appendix II. "Communists and the Labour Party": Communist Party statement, October 1925 -- II. The Party and the general strike -- Appendix I. Communist Party executive statement of January 10, 1926 -- Appendix II. Communist Party statement on the Royal Commission report on the mining industry -- Appendix III. "All together for the fight!", Communist Party executive statement of April 23, 1926 -- Appendix IV. Communist Party manifesto, of May 2, 1926 -- Appendix V. "The political meaning of the general strike", Communist Party executive statement of May 5, 1926 -- Appendix VI. "Stand by the miners." Communist Party appeal of May 13, 1926 -- Appendix VII. "Why the strike failed." Communist Party statement of June 4, 1926 -- Appendix VIII. The preliminary railway settlement of May 14, 1926 -- Appendix IX. Communist Party's statement on the general strike, October 1926 -- III. The Communist Party and the labour movement, May-November -- IV. Against imperialism and war, 1925-1926 -- Appendix I. Party press and publications on imperialism, 1925-1926 -- Appendix II. Communist Party Executive Committee Resolution on China, October 1926 -- Appendix III. Congresses and extended plenums of Communist International, 1919-1926 -- V. Communist Party life and organisation, 1925-1926 -- Appendix I. Communist Party congresses, 1924-1926 -- Appendix II. Communist Party leadership between the Sixth and Eighth Party Congresses -- Appendix III. Young Communist League leadership between Second and Fourth Congresses.
|
| 506 |
|
|
|a Access restricted to authorized users and institutions.
|
| 520 |
|
|
|a This second in the six volume series covers the years of the General Strike, and includes a detailed examination of the policies, successes and failings of Communists and the militant left generally.
|
| 588 |
|
|
|a Description based on print version record.
|
| 610 |
2 |
0 |
|a Communist Party of Great Britain.
|
| 651 |
|
0 |
|a Great Britain
|x Politics and government
|y 20th century.
|
| 655 |
|
7 |
|a Electronic books.
|2 local
|
| 710 |
2 |
|
|a Project Muse,
|e distributor.
|
| 776 |
1 |
8 |
|i Print version:
|w (DLC) 68134071
|z 0853153744
|z 9780853153740
|
| 710 |
2 |
|
|a Project Muse.
|e distributor
|
| 830 |
|
0 |
|a Book collections on Project MUSE.
|
| 856 |
4 |
0 |
|z Texto completo
|u https://projectmuse.uam.elogim.com/book/40490/
|
| 945 |
|
|
|a Project MUSE - Custom Collection
|
| 945 |
|
|
|a Project MUSE - Archive Complete Supplement IV
|
| 945 |
|
|
|a Project MUSE - Archive History Supplement IV
|